Most streamed songs : Björk - Statistics

General Stats
  • This quiz has been taken 39 times
  • The average score is 7 of 10
Answer Stats
Streams Song % Correct
81 000 000 Venus As A Boy
92%
42 000 000 Jóga
88%
102 000 000 Army Of Me
83%
77 000 000 It's Oh So Quiet
75%
40 500 000 Big Time Sensuality
67%
52 000 000 Hyper-ballad
63%
131 500 000 Berghain (with ROSALÍA and Yves Tumor)
58%
34 000 000 All Is Full Of Love
54%
63 500 000 Human Behaviour
46%
30 500 000 Come To Me
33%
No matching quizzes found
Score Distribution
Percent of People with Each Score
Percentile by Number Answered
Your Score History
You have not taken this quiz